[Event "Barcelona Sants op-B 23rd"]
[Site "Barcelona"]
[Date "2022.08.27"]
[Round "9"]
[White "Sanjuan Morigosa, Isaura"]
[Black "Daguro Dasalla, Armando"]
[Result "0-1"]
[WhiteElo "1791"]
[BlackElo "1890"]
[PlyCount "88"]
[EventDate "2022.08.19"]
[EventType "swiss"]
[EventRounds "10"]
[EventCountry "ESP"]
[SourceTitle "EXT 2023"]
[Source "ChessBase"]
[SourceDate "2022.10.05"]
[SourceVersion "1"]
[SourceVersionDate "2022.10.05"]
[SourceQuality "1"]

1. d4 Nf6 2. c4 g6 3. Nc3 Bg7 4. e4 d6 5. Be2 0-0 6. Bg5 Nbd7 7. Qd2 c5 8. d5 Re8 9. h3 Qb6 10. f4 a6 11. Nf3 Nh5 12. Bh4 Nxf4 13. 0-0 Nxe2+ 14. Qxe2 f6 15. Bg3 Qd8 16. Qd2 Qa5 17. e5 Nxe5 18. Bxe5 dxe5 19. d6 exd6 20. Qxd6 Be6 21. Nd5 Bxd5 22. Qxd5+ Kh8 23. Qxb7 Rab8 24. Qc6 Qb6 25. Qxb6 Rxb6 26. b3 e4 27. Rae1 Rbe6 28. Nd2 Bh6 29. Re2 f5 30. Nb1 Bg7 31. g4 Bd4+ 32. Kg2 Rf8 33. Nd2 e3 34. gxf5 gxf5 35. Kf3 Rh6 36. Nb1 Rxh3+ 37. Kg2 Rh5 38. Rg1 Rg5+ 39. Kf1 Rfg8 40. Rh1 f4 41. Reh2 R8g7 42. Na3 f3 43. Nc2 Rg2 44. b4 e2+ 0-1

[Event "Santa Cruz de Tenerife op 28th"]
[Site "Santa Cruz de Tenerife"]
[Date "2017.12.21"]
[Round "5"]
[White "Sanjuan Morigosa, Isaura"]
[Black "Perez Perez, Gabriel"]
[Result "0-1"]
[WhiteElo "1865"]
[BlackElo "2153"]
[PlyCount "64"]
[EventDate "2017.12.15"]
[EventType "swiss"]
[EventRounds "9"]
[EventCountry "ESP"]
[SourceTitle "CBM 182 Extra"]
[Source "ChessBase"]
[SourceDate "2018.02.23"]
[SourceVersion "1"]
[SourceVersionDate "2018.02.23"]
[SourceQuality "1"]

1. d4 d5 2. c4 c6 3. e3 a6 4. Nc3 Nf6 5. Qc2 g6 6. Bd3 Bg7 7. Nf3 0-0 8. 0-0 b5 9. b3 Nbd7 10. Bb2 Re8 11. Rad1 Bb7 12. Rfe1 b4 13. Ne2 a5 14. Ng3 Qb8 15. e4 dxe4 16. Nxe4 Nxe4 17. Rxe4 e5 18. Rde1 f5 19. Rxe5 Nxe5 20. dxe5 c5 21. e6 Bxb2 22. Qxb2 Bxf3 23. gxf3 Qd6 24. Bxf5 gxf5 25. Kh1 Qd4 26. Qe2 Re7 27. Rg1+ Rg7 28. Rd1 Qf6 29. f4 Re8 30. Re1 Rg6 31. e7 Qc6+ 32. f3 Rxe7 0-1

[Event "Lisbon Portugal op"]
[Site "Lisbon"]
[Date "2017.02.05"]
[Round "4"]
[White "Guia, Artur Solovyov Eloy"]
[Black "Sanjuan Morigosa, Isaura"]
[Result "0-1"]
[WhiteElo "1527"]
[BlackElo "1942"]
[PlyCount "90"]
[EventDate "2017.02.04"]
[EventType "swiss"]
[EventRounds "9"]
[EventCountry "POR"]
[SourceTitle "CBM 176 Extra"]
[Source "ChessBase"]
[SourceDate "2017.03.02"]
[SourceVersion "1"]
[SourceVersionDate "2017.03.02"]
[SourceQuality "1"]

1. e4 d6 2. d4 Nf6 3. Nc3 g6 4. Be3 Bg7 5. f3 0-0 6. Bc4 c6 7. a3 Nbd7 8. Nge2 b5 9. Bb3 Nb6 10. 0-0 Nc4 11. Bxc4 bxc4 12. Qd2 Re8 13. Bh6 Bh8 14. f4 e6 15. Qe1 Qb6 16. Qd2 Nd7 17. Kh1 f5 18. e5 c5 19. dxc5 dxc5 20. Bg5 Rb8 21. Bh4 Qc6 22. Rab1 Bb7 23. Ng1 Nb6 24. Nf3 Bg7 25. Qe2 Nd5 26. Nxd5 exd5 27. c3 Ba8 28. Qc2 Rb6 29. Rfe1 Bh6 30. Bg3 Qd7 31. Qf2 Rc8 32. Red1 Qb7 33. Qe2 Rb3 34. e6 Bg7 35. e7 Qd7 36. Re1 Re8 37. Qe6+ Qxe6 38. Rxe6 Rb7 39. Rbe1 d4 40. cxd4 cxd4 41. Bh4 d3 42. Rc1 Rxb2 43. Rd6 Bxf3 44. gxf3 d2 45. Rd1 c3 0-1

[Event "Tenerife-chT Primera"]
[Site "Tenerife"]
[Date "2015.05.02"]
[Round "7.2"]
[White "Perez Perez, Gabriel"]
[Black "Sanjuan Morigosa, Isaura"]
[Result "0-1"]
[WhiteElo "1552"]
[BlackElo "1966"]
[PlyCount "108"]
[EventDate "2015.01.24"]
[EventType "swiss"]
[EventRounds "14"]
[EventCountry "ESP"]
[SourceTitle "EXT 2024"]
[Source "ChessBase"]
[SourceDate "2023.10.10"]
[SourceVersion "1"]
[SourceVersionDate "2023.10.10"]
[SourceQuality "1"]
[WhiteTeam "Laguna Cotelec II"]
[BlackTeam "Casa de Venezuela"]
[WhiteTeamCountry "ESP"]
[BlackTeamCountry "ESP"]

1. d4 Nf6 2. c4 e6 3. Nc3 Bb4 4. a3 Bxc3+ 5. bxc3 0-0 6. f3 c5 7. e3 Qa5 8. Bd2 d6 9. Bd3 Bd7 10. a4 Nc6 11. Ne2 Rac8 12. 0-0 Qc7 13. Qc2 Na5 14. Rfc1 Qb6 15. Rab1 Qa6 16. Rb5 Bxb5 17. cxb5 Qb6 18. c4 Qd8 19. Qd1 b6 20. e4 cxd4 21. Nxd4 e5 22. Bxa5 bxa5 23. Nb3 Nd7 24. Bb1 Nc5 25. Nd2 Qb6 26. Kh1 Ne6 27. Nb3 Nc5 28. Nd2 Rc7 29. Nf1 Ne6 30. Qe1 Qd4 31. Ne3 Rfc8 32. Nd5 Rd7 33. h3 Rxc4 34. Rd1 Qb2 35. Qxa5 Qb3 36. Qe1 Qxa4 37. Bd3 Rd4 38. Qf1 Nc5 39. Be2 Rxd1 40. Bxd1 Qa1 41. Kh2 Rb7 42. Qe1 Rxb5 43. Qh4 Rb8 44. Bc2 Qa2 45. Bd1 Qa1 46. Be2 Qa2 47. Bb5 Ne6 48. Bd7 Rb2 49. Qg4 Nf4 50. Nxf4 exf4 51. Bc6 Qe6 52. Qg5 h6 53. Qh5 Qg6 54. Qxg6 fxg6 0-1

[Event "Las Palmas Insular-chT"]
[Site "Las Palmas"]
[Date "2010.03.20"]
[Round "9"]
[White "Sanjuan Morigosa, Isaura"]
[Black "Barlov, Dragan"]
[Result "0-1"]
[WhiteElo "1967"]
[BlackElo "2487"]
[PlyCount "44"]
[EventDate "2010.01.16"]
[EventType "team-tourn"]
[EventRounds "14"]
[EventCountry "ESP"]
[SourceTitle "EXT 2011"]
[Source "ChessBase"]
[SourceDate "2010.11.26"]
[SourceVersion "1"]
[SourceVersionDate "2010.11.26"]
[SourceQuality "1"]
[WhiteTeam "Telde Los Llanos"]
[BlackTeam "Gran Canaria"]
[WhiteTeamCountry "ESP"]
[BlackTeamCountry "ESP"]

1. d4 Nf6 2. c4 a6 3. Nc3 c5 4. d5 b5 5. Nf3 g6 6. Qc2 Bg7 7. e4 0-0 8. cxb5 e6 9. dxe6 fxe6 10. Be3 Qc7 11. Bc4 Bb7 12. Rd1 axb5 13. Nxb5 Qa5+ 14. Bd2 Qb6 15. Bd3 d5 16. exd5 exd5 17. 0-0 c4 18. Bxc4 dxc4 19. Qxc4+ Bd5 20. Qd3 Nbd7 21. Be3 Qb7 22. Nbd4 Rxa2 0-1

[Event "El Sauzal op 8th"]
[Site "El Sauzal"]
[Date "2007.11.03"]
[Round "5"]
[White "Cabrera Trujillo, Jorge Juan"]
[Black "Sanjuan Morigosa, Isaura"]
[Result "1-0"]
[WhiteElo "2317"]
[BlackElo "2009"]
[PlyCount "64"]
[EventDate "2007.11.03"]
[EventType "swiss (rapid)"]
[EventRounds "9"]
[EventCountry "ESP"]
[SourceTitle "CBM 121 Extra"]
[Source "ChessBase"]
[SourceDate "2008.01.10"]
[SourceVersion "1"]
[SourceVersionDate "2008.01.10"]
[SourceQuality "1"]

1. e4 c6 2. d4 g6 3. Nc3 Bg7 4. f4 d5 5. e5 h5 6. g3 Bf5 7. Nf3 e6 8. Be3 Nd7 9. Be2 Qc7 10. h3 Nh6 11. Ng5 Qb6 12. b3 Qb4 13. Qd2 Bf8 14. g4 Qa5 15. a3 Bb4 16. axb4 Qxa1+ 17. Nd1 Be4 18. Nxe4 dxe4 19. Qc3 Qxc3+ 20. Nxc3 f5 21. exf6 Nxf6 22. Kd2 Nd5 23. gxh5 Nxc3 24. Kxc3 Nf5 25. Kd2 gxh5 26. Rg1 Ke7 27. Rg5 Rad8 28. Bxh5 Rdg8 29. Bg4 Rxg5 30. fxg5 Rg8 31. c3 Kd6 32. Bf4+ Kd7 1-0

[Event "Vecindario Hotel Avenida op"]
[Site "Vecindario"]
[Date "2007.08.12"]
[Round "7"]
[White "Gutierrez Olivares, Daniel"]
[Black "Sanjuan Morigosa, Isaura"]
[Result "1-0"]
[WhiteElo "2101"]
[BlackElo "2030"]
[PlyCount "79"]
[EventDate "2007.08.06"]
[EventType "swiss"]
[EventRounds "7"]
[EventCountry "ESP"]
[SourceTitle "EXT 2008"]
[Source "ChessBase"]
[SourceDate "2007.11.25"]
[SourceVersion "1"]
[SourceVersionDate "2007.11.25"]
[SourceQuality "1"]

1. a3 Nf6 2. Nf3 g6 3. b3 Bg7 4. Bb2 c5 5. e3 Nc6 6. Bb5 0-0 7. 0-0 e6 8. Bxc6 bxc6 9. d3 a5 10. a4 d6 11. Nbd2 Qc7 12. Rc1 e5 13. Nc4 Nh5 14. Qd2 Bg4 15. Bc3 Bxf3 16. Bxa5 Qa7 17. Bb6 Qb7 18. gxf3 d5 19. Bxc5 dxc4 20. Bxf8 Bxf8 21. dxc4 Qe7 22. Rcd1 Qh4 23. Qd7 Nf6 24. Qxc6 e4 25. Qxa8 Qg5+ 26. Kh1 Qh5 27. Qb8 Qxf3+ 28. Kg1 Nh5 29. h3 Qxh3 30. Qh2 Qf5 31. Rd5 Qg4+ 32. Qg2 Qh4 33. a5 Ng7 34. a6 Qf6 35. Ra5 Nf5 36. Rxf5 Qxf5 37. Ra1 Qe5 38. Ra4 Qe8 39. a7 Qa8 40. Qg3 1-0

[Event "Vecindario Hotel Avenida op"]
[Site "Vecindario"]
[Date "2007.08.07"]
[Round "2"]
[White "Sanjuan Morigosa, Isaura"]
[Black "Ortega Hermida, Daniel"]
[Result "0-1"]
[WhiteElo "2030"]
[BlackElo "2381"]
[PlyCount "86"]
[EventDate "2007.08.06"]
[EventType "swiss"]
[EventRounds "7"]
[EventCountry "ESP"]
[SourceTitle "EXT 2008"]
[Source "ChessBase"]
[SourceDate "2007.11.25"]
[SourceVersion "1"]
[SourceVersionDate "2007.11.25"]
[SourceQuality "1"]

1. d4 Nf6 2. c4 c5 3. d5 b5 4. cxb5 a6 5. bxa6 g6 6. Nc3 Bxa6 7. e4 Bxf1 8. Kxf1 d6 9. Nf3 Nbd7 10. h3 Bg7 11. Kg1 0-0 12. Kh2 Qa5 13. Re1 Rfb8 14. Re2 Ne8 15. Bg5 Bxc3 16. bxc3 f6 17. Bf4 Qxc3 18. Rc1 Qb4 19. Rcc2 Nc7 20. Bh6 Nb5 21. Qa1 Na3 22. Rb2 Qc4 23. Qc1 Qxc1 24. Rxb8+ Rxb8 25. Bxc1 Nc4 26. Rc2 Ncb6 27. Ne1 Ra8 28. Nd3 Ra4 29. f3 Nc4 30. Nb2 Nxb2 31. Rxb2 Ne5 32. Rb8+ Kg7 33. Re8 Kf7 34. Rh8 Rxa2 35. Rxh7+ Ke8 36. Kg3 Nd3 37. Be3 Re2 38. Bh6 g5 39. Kg4 c4 40. Rh8+ Kd7 41. Rb8 c3 42. Rb7+ Kc8 43. Rxe7 c2 0-1

[Event "ESP-ch (Women)"]
[Site "Salou"]
[Date "2006.12.10"]
[Round "1.11"]
[White "Perez Celis, Alba"]
[Black "Sanjuan Morigosa, Isaura"]
[Result "0-1"]
[WhiteElo "1695"]
[BlackElo "2032"]
[PlyCount "86"]
[EventDate "2006.12.10"]
[EventType "swiss"]
[EventRounds "7"]
[EventCountry "ESP"]
[SourceTitle "EXT 2024"]
[Source "ChessBase"]
[SourceDate "2023.10.10"]
[SourceVersion "1"]
[SourceVersionDate "2023.10.10"]
[SourceQuality "1"]

1. e4 d5 2. exd5 Qxd5 3. Nc3 Qa5 4. d4 Nf6 5. Nf3 Bg4 6. h3 Bh5 7. g4 Bg6 8. Ne5 e6 9. h4 Bb4 10. Bd2 Be4 11. Rg1 Bd5 12. a3 Bxc3 13. bxc3 Qa4 14. c4 Be4 15. Bd3 Bxd3 16. cxd3 Qxd1+ 17. Rxd1 Nc6 18. Rb1 Nxe5 19. dxe5 Nd7 20. Rxb7 Nxe5 21. Rxc7 Nxd3+ 22. Ke2 Rd8 23. Rb1 0-0 24. Rbb7 a6 25. Bg5 Rd4 26. Ke3 e5 27. a4 Ne1 28. Be7 Re8 29. Ke2 Ng2 30. Kf3 Ne1+ 31. Ke2 Re4+ 32. Kd1 Nf3 33. a5 Rxg4 34. c5 f6 35. Bd6 Nxh4 36. Ra7 Nf5 37. Rxa6 h5 38. Rd7 h4 39. c6 Rd4+ 40. Ke2 Rxd6 41. Rxd6 Nxd6 42. c7 Nb5 43. Rc6 Nd4+ 0-1

[Event "Catalunya-ch (Women) 63rd"]
[Site "Badalona"]
[Date "2005.12.08"]
[Round "3"]
[White "Penas Hernandez, Yolanda"]
[Black "Sanjuan Morigosa, Isaura"]
[Result "1-0"]
[WhiteElo "2024"]
[BlackElo "2005"]
[PlyCount "89"]
[EventDate "2005.12.06"]
[EventType "swiss"]
[EventRounds "6"]
[EventCountry "ESP"]
[SourceTitle "EXT 2022"]
[Source "ChessBase"]
[SourceDate "2021.10.06"]
[SourceVersion "1"]
[SourceVersionDate "2021.10.06"]
[SourceQuality "1"]

1. e4 c5 2. Nf3 Nc6 3. d4 cxd4 4. Nxd4 Nf6 5. Nc3 e5 6. Ndb5 h6 7. Nd6+ Bxd6 8. Qxd6 Qe7 9. Qd1 0-0 10. Bc4 Qb4 11. Qd3 Nd4 12. Bb3 d5 13. 0-0 dxe4 14. Nxe4 Nxe4 15. Qxe4 Bf5 16. Qxe5 Rfe8 17. Qd5 Be6 18. Qh5 Nxb3 19. axb3 Bg4 20. Qa5 Qe4 21. Qa4 Qg6 22. Kh1 Re4 23. Qa5 b6 24. Qd5 Rae8 25. Be3 R4e5 26. Qb7 Be6 27. c4 Bc8 28. Qf3 Rf5 29. Qg3 Qf6 30. Rad1 Kh7 31. Bd4 Qg5 32. Qxg5 Rxg5 33. Rfe1 Be6 34. Ra1 a5 35. Bxb6 Rb8 36. c5 Bxb3 37. Rac1 Bd5 38. f3 a4 39. Red1 Rc8 40. Rd4 Re8 41. h4 Rf5 42. c6 Rc8 43. c7 Kg6 44. Kg1 Kf6 45. g4 1-0

[Event "Fincas Mediterranea 2nd"]
[Site "Castelldefels"]
[Date "2005.08.20"]
[Round "4"]
[White "Maleki, Manuel"]
[Black "Sanjuan Morigosa, Isaura"]
[Result "1-0"]
[WhiteElo "2119"]
[BlackElo "2003"]
[PlyCount "45"]
[EventDate "2005.08.17"]
[EventType "swiss"]
[EventRounds "9"]
[EventCountry "ESP"]
[SourceTitle "CBM 107 Extra"]
[Source "ChessBase"]
[SourceDate "2005.09.01"]
[SourceVersion "1"]
[SourceVersionDate "2005.09.01"]
[SourceQuality "1"]

1. e4 d5 2. exd5 Qxd5 3. Nc3 Qa5 4. d4 Nf6 5. Bd2 Qb6 6. Nf3 Bg4 7. Bc4 Bxf3 8. Qxf3 Nc6 9. Bb5 0-0-0 10. Bxc6 bxc6 11. 0-0-0 Rxd4 12. Be3 Rxd1+ 13. Rxd1 Qa6 14. Rd4 Qf1+ 15. Kd2 e5 16. Qf5+ Kb7 17. Rd8 Bc5 18. Qc8+ Kb6 19. Na4+ Kb5 20. Nxc5 Rxd8+ 21. Qxd8 Nd5 22. Qb8+ Nb6 23. Qb7 1-0